| 000 | 00911nam a22002057a 4500 | ||
|---|---|---|---|
| 003 | OSt | ||
| 005 | 20260204015807.0 | ||
| 008 | 260204b |||||||| |||| 00| 0 eng d | ||
| 020 | _a9780316156004 | ||
| 040 |
_aDWCL GS library _cOC |
||
| 082 | _aFic. C874h 2005 | ||
| 100 | _aCowell, Cressida | ||
| 245 |
_ahow to train your dragon _b: book 3 how to speak dragonese |
||
| 260 |
_aNew York _bHachette Book Group _cc2005 |
||
| 300 |
_a221 _billustrations _c19cm |
||
| 520 | _aHiccup and Fishlegs accidentally board a Roman ship during a training exercise, discovering a plot to steal the dragons of Berk and start a war. Toothless is captured, and Hiccup’s crucial Dragonese book is torn in half. Hiccup must use his skills to rescue his dragon and stop the Romans. | ||
| 546 | _aEnglish | ||
| 700 | _aCressida Cowell | ||
| 942 |
_2ddc _cFIC. _hFic. C874h 2005 _n0 |
||
| 999 |
_c8238 _d8238 |
||